PIDE Policy and Research / (Record no. 536356)

000 -LEADER
fixed length control field 00336nam a22001217a 4500
082 ## - DEWEY DECIMAL CLASSIFICATION NUMBER
Classification number September 2020
100 ## - MAIN ENTRY--PERSONAL NAME
Personal name PIDE.
245 ## - TITLE STATEMENT
Title PIDE Policy and Research /
Statement of responsibility, etc A Guide to Policy and Research.
260 ## - PUBLICATION, DISTRIBUTION, ETC. (IMPRINT)
Place of publication, distribution, etc Islamabad :
Name of publisher, distributor, etc PIDE,
Date of publication, distribution, etc 2020.
300 ## - PHYSICAL DESCRIPTION
Extent 76 p. : ill. ;
Dimensions 30 cm.
650 ## - SUBJECT ADDED ENTRY--TOPICAL TERM
Topical term or geographic name as entry element PIDE - Report 2020.
942 ## - ADDED ENTRY ELEMENTS (KOHA)
Koha item type Continuing Resources
Holdings
Damaged status Not for loan Permanent Location Current Location Date acquired Full call number Barcode Koha item type
    Central Library (CL) Central Library (CL) 10/14/2020 September 2020 R-711 Continuing Resources
© 2023 Central Library, National University of Sciences and Technology. All Rights Reserved.